| 000 | 00576nam a2200181 a 4500 | ||
|---|---|---|---|
| 001 | 000012919 | ||
| 005 | 20200929163112.0 | ||
| 008 | 091118s2006 xxu 001 0 spa d | ||
| 040 |
_aDO-SdBNP _bspa _cBNPHU |
||
| 082 |
_axxxx _bM593i |
||
| 245 | 1 | 0 | _aMétodos de investigación /. |
| 246 | 1 | 4 | _aMétodos de investigación. |
| 260 |
_aWashington : _bSecretaría General de la Organización de los Estados Unidos, _c2006. |
||
| 300 |
_a186 p. ; _c22 cm. |
||
| 500 | _aSugerencias generales para la investigación en bibliotecas | ||
| 500 | _aIncluye índice | ||
| 049 | _aBNPD | ||
| 999 |
_c12567 _d12567 |
||